000
00304nam a2200121 a 4500
008
111012s1988|||| d
100
1
_a
Pisárčiková, Mária a kolektív
245
1
0
_a
Jazyková poradňa odpovedá
260
_b
SPN
_a
Bratislava
_c
1988
020
_c
22
041
_a
slo
044
_a
xo
_c
SK
999
_c
19815
_d
19815